Name one city that... #8 - Statistics

General Stats
  • This quiz has been taken 74 times
  • The average score is 13 of 20
Answer Stats
Name one city that... City % Correct
Is one of the Japanese cities were a nuclear weapon was dropped at the end of WW2 Hiroshima | Nagasaki
99%
Is the capital city of a European Microstate Andorra la Vella | Monaco | San Marino | Vaduz | Valletta | Vatican City
97%
Is the capital of one of the three entities in the Kingdom of Denmark / Danish Realm Copenhagen | Nuuk | Tórshavn
97%
Was at some point the capital of California Benicia | Monterey | Sacramento | San Francisco | San José | Vallejo
90%
Is the most populous city in one of the 5 largest islands in Oceania by area (Australia is not considered an island) Auckland | Christchurch | Hobart | Kimbe | Port Moresby
87%
Is a Venezuelan city with over a million people Barquisimeto | Caracas | Maracaibo | Valencia
87%
Is a capital city and starts with letter 'O' Oslo | Ottawa | Ouagadougou
81%
Is the capital city of a Mexican state that borders the US Chihuahua | Ciudad Victoria | Hermosillo | Mexicali | Monterrey | Saltillo
78%
Is one of the 3 closest cities with over 100 000 people to Mount Everest Dharān | Kathmandu | Lalitpur
78%
Is the largest coastal city in a country with territory in the Caucasus Baku | Batumi | Saint Petersburg
75%
Is the largest city on the Adriatic coast of each country that borders the sea Bar | Bari | Durrës | Koper | Neum | Split
75%
Was were one of the 5 earliest modern written constitutions (not necessareily still in use) was proclaimed Cádiz | Eidsvoll | Paris | Philadelphia | San Marino
72%
Is one of the 5 biggest US cities with the word 'falls' Great Falls | Idaho Falls | Sioux Falls | Twin Falls | Wichita Falls
51%
Was one of the two most powerful cities in Phoenicia (not including colonies) Sidon | Tyre
45%
Was the capital of one of the major Anglo-Saxon kingdoms of England, also kmown as the Heptarchy Chelmsford | Dorchester on Thames | Rendlesham | Tamworth | Winchester | York
43%
Was one of the 5 oldest towns founded by Europeans in America (the continent) that is known about Concepción de la Vega | L'anse aux Meadows | La Isabela | Saint John's | Santo Domingo
42%
Was one of the 5 oldest towns founded in the modern-day territory of the US (includes territories) and is still inhabited today Pensacola | Saint Augustine | Saint Marys | San Germán | San Juan
40%
Has over 700 000 people, is in one of the two countries whose name includes 'Congo' and is not their capital city Kananga | Lubumbashi | Mbuji-Mayi | Pointe-Noire
39%
Is located over 4 000 metres (13 123 feet) high and has more than 100 000 inhabitans El Alto | Potosí
16%
Was where one of the two older forms of Parliaments (not including direct democracy) in Europe was used Leiria | León
1%
No matching quizzes found
Score Distribution
Percent of People with Each Score
Percentile by Number Answered
Your Score History
You have not taken this quiz